| 000 | 00620nam a22001577a 4500 | ||
|---|---|---|---|
| 003 | OSt | ||
| 005 | 20161110110558.0 | ||
| 008 | 161110b xxu||||| |||| 00| 0 eng d | ||
| 040 | _cRUA | ||
| 082 | _aLMA NAK 2015 B529 Or.1 | ||
| 100 |
_911246 _aNAK sreykunthea; ណាក ស្រីគន្ធា |
||
| 245 | _aStudy on land transfer in khan sensok, phnom penh; សិក្សាពីការផ្ទេរសិទ្ធិដីធ្លីនៅខណ្ឌសែនសុខ រាជធានីភ្នំពេញ | ||
| 260 |
_aPHNOM PENH _bNAK _c2015 |
||
| 300 |
_ax;37p. _bill. _c29cm. |
||
| 942 |
_2ddc _cLMA |
||
| 999 |
_c10818 _d10818 |
||